[Event "World Rapid 2025"]
[Site "Doha QAT"]
[Date "2025.12.26"]
[Round "2.48"]
[White "Lazavik, Denis"]
[Black "Sklokin, Sergey"]
[Result "1/2-1/2"]
[WhiteTitle "GM"]
[BlackTitle "FM"]
[WhiteElo "2605"]
[BlackElo "2407"]
[WhiteFideId "13515110"]
[BlackFideId "55730230"]
[EventDate "2025.12.26"]
[EventType "rapid"]

1. d4 d5 2. Nf3 Nf6 3. Bg5 e6 4. e3 h6 5. Bh4 c5 6. Nbd2 Nc6 7. c3 Be7 8. Bd3
O-O 9. O-O b6 10. Ne5 Nxe5 11. dxe5 Nd7 12. Bxe7 Qxe7 13. f4 Bb7 14. Qe2 Rad8
15. Rad1 f5 16. exf6 Rxf6 17. e4 dxe4 18. Nxe4 Rff8 19. Bc4 Bd5 20. Bxd5 exd5
21. Rxd5 Rde8 22. Qg4 Qxe4 23. Rxd7 Rf7 24. Rxf7 Kxf7 25. h3 Qe3+ 26. Kh2 Qe2
27. Rf3 Re3 28. Qf5+ Kg8 29. Qd5+ Kh8 30. Rxe3 Qxe3 31. Qe5 Qd2 32. c4 Qc2 33.
Qc3 Qf2 34. Qe5 Qc2 35. Qb8+ Kh7 36. Qxa7 Qxb2 37. a4 Qb3 38. Qf7 Qxa4 39. f5
Qc6 40. Qe7 b5 41. f6 Qxf6 42. Qxf6 gxf6 43. cxb5 c4 44. b6 c3 45. b7 c2 46.
b8=Q c1=Q 47. Qb7+ Kg6 48. Qe4+ Kg7 49. Qe7+ Kg6 50. Qe8+ 1/2-1/2

[Event "World Rapid 2025"]
[Site "Doha QAT"]
[Date "2025.12.26"]
[Round "2.49"]
[White "Bai, Jinshi"]
[Black "Al-Janahi, Ibrahim"]
[Result "1-0"]
[WhiteTitle "GM"]
[WhiteElo "2599"]
[BlackElo "1656"]
[WhiteFideId "8602280"]
[BlackFideId "12102385"]
[EventDate "2025.12.26"]
[EventType "rapid"]

1. d4 Nf6 2. c4 e6 3. g3 d5 4. Bg2 Be7 5. Nf3 O-O 6. Qc2 c6 7. O-O b6 8. b3 Bb7
9. Rd1 Nbd7 10. Nc3 Rc8 11. e4 dxe4 12. Ng5 h6 13. Ngxe4 Nxe4 14. Nxe4 Nf6 15.
Be3 Ng4 16. Bf4 f5 17. Nc3 Bd6 18. Ne2 g5 19. Bc1 Qe7 20. Bb2 Ba3 21. Bxa3 Qxa3
22. c5 b5 23. Re1 Rfe8 24. Rad1 Qa5 25. h4 Qc7 26. hxg5 hxg5 27. Nc1 Qh7 28. Nd3
Ba6 29. b4 Bb7 30. Ne5 Qh2+ 31. Kf1 Nxe5 32. dxe5 Red8 33. Rd6 Rxd6 34. exd6 Kf7
35. Qb3 Qh6 36. Qa3 a6 37. Qa5 Qf8 38. Qb6 Ba8 39. Qxa6 Qd8 40. Qa7+ Kf6 41. Qh7
Rb8 42. Qh6+ Kf7 43. Qxe6+ Kg7 44. Qxf5 Rb7 45. Re5 Rf7 46. Qxg5+ Qxg5 47. Rxg5+
Kf6 48. f4 Bb7 49. Be4 Ke6 50. Re5+ Kd7 51. Kf2 Bc8 52. Kf3 Rg7 53. g4 Kd8 54.
g5 Bd7 55. g6 Be8 56. f5 Ra7 57. f6 Rxa2 58. f7 1-0

[Event "World Rapid 2025"]
[Site "Doha QAT"]
[Date "2025.12.26"]
[Round "2.50"]
[White "Ahmad, Khagan"]
[Black "Bjerre, Jonas Buhl"]
[Result "1/2-1/2"]
[WhiteTitle "IM"]
[BlackTitle "GM"]
[WhiteElo "2472"]
[BlackElo "2623"]
[WhiteFideId "13431552"]
[BlackFideId "1444948"]
[EventDate "2025.12.26"]
[EventType "rapid"]

1. e4 e5 2. Nf3 Nc6 3. Nc3 Nf6 4. a3 d6 5. d4 Bg4 6. Bb5 Nd7 7. dxe5 dxe5 8. Be3
Bd6 9. Bxc6 bxc6 10. h3 Bh5 11. g4 Bg6 12. Nd2 Nc5 13. Qe2 Qe7 14. O-O-O Rb8 15.
Nc4 f6 16. Nxd6+ cxd6 17. Bxc5 dxc5 18. Qa6 Qc7 19. Qc4 Qe7 20. Qa6 Qc7 21. Qc4
Qe7 22. Rd2 Bf7 23. Qa6 Qc7 24. Rhd1 O-O 25. Rd7 Qb6 26. Qxb6 axb6 27. Na4 Be8
28. Rd8 Bg6 29. Rxb8 Rxb8 30. f3 Be8 31. c4 Kf8 32. Kc2 Ke7 33. Rd3 Bf7 34. Kc3
h5 35. Rd2 h4 36. b3 Be6 37. Rd1 Rb7 38. Rd2 Rb8 39. Rd3 Rb7 40. Kc2 Rb8 41. Kc3
Rb7 42. Rd1 Rb8 43. Rd2 1/2-1/2

[Event "World Rapid 2025"]
[Site "Doha QAT"]
[Date "2025.12.26"]
[Round "2.51"]
[White "Chekh Adm Khedr, Aram"]
[Black "Aronian, Levon"]
[Result "0-1"]
[WhiteTitle "FM"]
[BlackTitle "GM"]
[WhiteElo "2139"]
[BlackElo "2729"]
[WhiteFideId "7601948"]
[BlackFideId "13300474"]
[EventDate "2025.12.26"]
[EventType "rapid"]

1. e4 c5 2. Nf3 d6 3. d4 cxd4 4. Qxd4 Nc6 5. Bb5 Bd7 6. Bxc6 Bxc6 7. c4 Nf6 8.
Nc3 e6 9. O-O Be7 10. Qd3 O-O 11. Rd1 Qa5 12. Bd2 Qh5 13. b4 Rfd8 14. Qe2 h6 15.
Rac1 Rac8 16. a4 Bf8 17. b5 Be8 18. Be3 b6 19. a5 Nd7 20. Nd2 Qxe2 21. Nxe2 Nc5
22. Ra1 d5 23. axb6 axb6 24. exd5 exd5 25. Nd4 Be7 26. cxd5 Rxd5 27. Nc4 Bd8 28.
Nc6 Bxc6 29. bxc6 Rxd1+ 30. Rxd1 Ne6 31. Bxb6 Rxc6 32. Bxd8 Rxc4 33. Ba5 g5 34.
f3 h5 35. Kf2 Kg7 36. Rd2 Kg6 37. Ra2 f5 38. Bd2 Rc6 39. Be3 f4 40. Bd2 h4 41.
Rb2 Nc5 42. Ra2 Rd6 43. Rc2 Rd5 44. g3 Nd3+ 45. Kg2 Re5 46. gxh4 Re2+ 47. Kf1
Rf2+ 48. Kg1 gxh4 49. Rc6+ Kf5 50. Be1 Rxf3 51. Bxh4 Kg4 52. Bd8 Re3 53. Rg6+
Kf3 54. Ba5 Re2 55. h4 Ra2 56. Bc3 Nf2 57. Rd6 Ne4 58. Rd3+ Ke2 59. Rh3 f3 60.
Bd4 Ra1+ 61. Kh2 Ra4 62. Bb6 Ra6 63. Bd4 Rd6 64. Ba7 Rg6 65. h5 Rg2+ 0-1

[Event "World Rapid 2025"]
[Site "Doha QAT"]
[Date "2025.12.26"]
[Round "2.52"]
[White "Firouzja, Alireza"]
[Black "Halkias, Stelios"]
[Result "1-0"]
[WhiteTitle "GM"]
[BlackTitle "GM"]
[WhiteElo "2762"]
[BlackElo "2503"]
[WhiteFideId "12573981"]
[BlackFideId "4201809"]
[EventDate "2025.12.26"]
[EventType "rapid"]

1. e4 c5 2. Nf3 Nc6 3. Bb5 e6 4. Bxc6 bxc6 5. d3 Qc7 6. O-O e5 7. Nh4 d5 8. f4
Qd8 9. Qe1 Be7 10. Nf3 exf4 11. Bxf4 Nf6 12. Nc3 O-O 13. Kh1 Be6 14. Bg5 Rb8 15.
b3 Rb7 16. Na4 Nd7 17. Qg3 f6 18. Bh6 Rf7 19. exd5 Bxd5 20. Nh4 Ne5 21. Nf5 Bf8
22. Be3 Kh8 23. Nxc5 Bxc5 24. Bxc5 Rbd7 25. d4 Ng6 26. Rae1 Nf8 27. c4 Be6 28.
Nh4 g5 29. Nf3 Bf5 30. Ne5 fxe5 31. Qxe5+ Kg8 32. Rxf5 Ng6 33. Rxg5 Rg7 34. Qe8+
Qxe8 35. Rxe8+ Kf7 36. Rc8 Kf6 37. Rg3 1-0

[Event "World Rapid 2025"]
[Site "Doha QAT"]
[Date "2025.12.26"]
[Round "2.53"]
[White "Mendonca, Leon Luke"]
[Black "Caruana, Fabiano"]
[Result "0-1"]
[WhiteTitle "GM"]
[BlackTitle "GM"]
[WhiteElo "2615"]
[BlackElo "2795"]
[WhiteFideId "35028561"]
[BlackFideId "2020009"]
[EventDate "2025.12.26"]
[EventType "rapid"]

1. a3 e5 2. c4 Nf6 3. d3 Nc6 4. Nf3 g6 5. b4 Bg7 6. Bb2 d6 7. e3 O-O 8. Be2 e4
9. dxe4 Nxe4 10. Qc1 a5 11. Bxg7 Kxg7 12. Nc3 Nxc3 13. Qxc3+ Qf6 14. Qxf6+ Kxf6
15. b5 Nb8 16. Nd4 Nd7 17. Kd2 Nc5 18. Bf3 h5 19. h4 Bf5 20. Nxf5 Kxf5 21. Rad1
Rae8 22. Ke2 Ke6 23. Rd4 Kd7 24. Rhd1 Re6 25. Bd5 Rf6 26. Bf3 Re8 27. Rd5 Na4
28. Kd2 Kc8 29. Rc1 Kb8 30. Rc2 Nc5 31. Kc3 Ka7 32. Rd4 Kb6 33. Bd5 Re7 34. Rcd2
Rf5 35. Bf3 Nd7 36. Bd5 Rf6 37. g3 c6 38. bxc6 bxc6 39. Bg2 Kc5 40. Rb2 Nb6 41.
Kd3 Re8 42. Bh3 Na4 43. Rb7 Rxf2 44. Bd7 Re5 45. Rf4 Nb2+ 0-1

[Event "World Rapid 2025"]
[Site "Doha QAT"]
[Date "2025.12.26"]
[Round "2.54"]
[White "Abdusattorov, Nodirbek"]
[Black "Murshed, Niaz"]
[Result "1-0"]
[WhiteTitle "GM"]
[BlackTitle "GM"]
[WhiteElo "2732"]
[BlackElo "2341"]
[WhiteFideId "14204118"]
[BlackFideId "10200010"]
[EventDate "2025.12.26"]
[EventType "rapid"]

1. e4 e5 2. Nf3 Nc6 3. Bb5 a6 4. Ba4 Nf6 5. d3 d6 6. c3 Bd7 7. O-O g6 8. h3 Bg7
9. Re1 O-O 10. Be3 Re8 11. Nbd2 h6 12. b4 Nh5 13. Bb3 Be6 14. a4 d5 15. exd5
Bxd5 16. a5 Bxb3 17. Nxb3 e4 18. Nfd4 Nxd4 19. Bxd4 exd3 20. Rxe8+ Qxe8 21. Bxg7
Kxg7 22. Qxd3 Rd8 23. Qf3 Qe5 24. g3 Nf6 25. Nc5 b6 26. Nxa6 Ne4 27. Qe3 Re8 28.
Qd4 bxa5 29. Nxc7 Re7 30. Qxe5+ Rxe5 1-0

[Event "World Rapid 2025"]
[Site "Doha QAT"]
[Date "2025.12.26"]
[Round "2.55"]
[White "Duda, Jan-Krzysztof"]
[Black "Rodrigue-Lemieux, Shawn"]
[Result "1-0"]
[WhiteTitle "GM"]
[BlackTitle "GM"]
[WhiteElo "2729"]
[BlackElo "2517"]
[WhiteFideId "1170546"]
[BlackFideId "2620049"]
[EventDate "2025.12.26"]
[EventType "rapid"]

1. e4 c6 2. d4 d5 3. Nc3 dxe4 4. Nxe4 Nf6 5. Nxf6+ exf6 6. Be3 Bd6 7. Bd3 O-O 8.
Ne2 Re8 9. c4 Nd7 10. Qc2 Nf8 11. O-O Be6 12. Rad1 Rc8 13. c5 Bb8 14. Nc3 Ng6
15. Be4 Qc7 16. g3 Rcd8 17. Rfe1 Qc8 18. f4 f5 19. Bf3 Ne7 20. Bf2 Qd7 21. Rd2
Nd5 22. Rde2 Kf8 23. a3 Bc7 24. Kg2 g6 25. b4 Nxc3 26. Qxc3 Bd5 27. Bxd5 Qxd5+
28. Qf3 Rxe2 29. Rxe2 a6 30. Qxd5 Rxd5 31. a4 Bd8 32. Kf3 Bf6 33. Rd2 Ke7 34.
Ke2 Kd7 35. Kd3 Kc7 36. Kc4 Rd7 37. b5 axb5+ 38. axb5 Re7 39. b6+ Kc8 40. Ra2
Kd7 41. Ra7 Ke6 42. d5+ cxd5+ 43. Kb5 d4 44. c6 d3 45. c7 Re8 46. Ra3 Kd7 47.
Rxd3+ Kc8 48. Bd4 1-0

[Event "World Rapid 2025"]
[Site "Doha QAT"]
[Date "2025.12.26"]
[Round "2.56"]
[White "Vakhidov, Jakhongir"]
[Black "Mamedyarov, Shakhriyar"]
[Result "1/2-1/2"]
[WhiteTitle "GM"]
[BlackTitle "GM"]
[WhiteElo "2516"]
[BlackElo "2730"]
[WhiteFideId "14201801"]
[BlackFideId "13401319"]
[EventDate "2025.12.26"]
[EventType "rapid"]

1. c4 e6 2. Nc3 d5 3. d4 Bb4 4. cxd5 exd5 5. Bf4 Nf6 6. e3 Ne4 7. Qa4+ Nc6 8.
Bb5 Bd7 9. Ne2 a6 10. Bxc6 Bxc3+ 11. Nxc3 Bxc6 12. Qa5 Nxc3 13. Qxc3 h5 14. h4
O-O 15. f3 Re8 16. Kf2 Re6 17. Rag1 Bd7 18. Qxc7 Rc6 19. Qxd8+ Rxd8 20. Rc1 Rdc8
21. Rxc6 Rxc6 22. Re1 Rc2+ 23. Re2 Rxe2+ 24. Kxe2 Bb5+ 25. Kd2 Bf1 26. g4 g6 27.
gxh5 gxh5 28. e4 dxe4 29. fxe4 f6 30. d5 Kf7 31. Ke3 Ke7 32. Kd4 Bg2 33. a4 Bf3
34. a5 Bg2 35. Bd2 Bf3 36. Bb4+ Kf7 37. Bd6 Bg2 38. Bc7 Bh1 39. Bd8 Bg2 40. b4
Bh1 41. Bb6 Bg2 42. Bc5 Ke8 43. Ke3 f5 1/2-1/2

[Event "World Rapid 2025"]
[Site "Doha QAT"]
[Date "2025.12.26"]
[Round "2.57"]
[White "Oro, Faustino"]
[Black "Dominguez Perez, Leinier"]
[Result "1/2-1/2"]
[WhiteTitle "IM"]
[BlackTitle "GM"]
[WhiteElo "2503"]
[BlackElo "2738"]
[WhiteFideId "20000197"]
[BlackFideId "3503240"]
[EventDate "2025.12.26"]
[EventType "rapid"]

1. e4 e5 2. Nf3 Nc6 3. d4 exd4 4. Nxd4 Nf6 5. Nxc6 bxc6 6. Bd3 d5 7. exd5 cxd5
8. O-O Be7 9. c4 O-O 10. Nc3 d4 11. Ne4 Nxe4 12. Bxe4 Rb8 13. Qc2 h6 14. Re1 c5
15. b3 Bg5 16. Qd3 Bxc1 17. Raxc1 Qd6 18. Bh7+ Kh8 19. Bf5 g6 20. Bxc8 Rbxc8 21.
Re2 Rfe8 22. Rce1 Rxe2 23. Rxe2 Kg7 24. g3 Rc7 25. Kf1 a5 26. Qe4 a4 27. bxa4
Ra7 28. Qe5+ Qxe5 29. Rxe5 Ra5 30. a3 Kf6 31. Rd5 Rxa4 32. Rxc5 Rxa3 33. Rd5 d3
34. Ke1 Rc3 35. Kd2 Rxc4 36. Rxd3 1/2-1/2

[Event "World Rapid 2025"]
[Site "Doha QAT"]
[Date "2025.12.26"]
[Round "2.58"]
[White "Gukesh, D"]
[Black "Drygalov, Sergey"]
[Result "1-0"]
[WhiteTitle "GM"]
[BlackTitle "GM"]
[WhiteElo "2754"]
[BlackElo "2571"]
[WhiteFideId "46616543"]
[BlackFideId "24171743"]
[EventDate "2025.12.26"]
[EventType "rapid"]

1. d4 Nf6 2. c3 d5 3. Bg5 Nbd7 4. Nf3 g6 5. Nbd2 Bg7 6. e3 O-O 7. Be2 Re8 8. h4
e5 9. dxe5 Nxe5 10. h5 Nxf3+ 11. Nxf3 c6 12. hxg6 hxg6 13. Qa4 Re4 14. Qc2 Rg4
15. Bf4 Bf5 16. Qb3 Be4 17. Ne5 Rxg2 18. Qxb7 Qf8 19. Nxf7 g5 20. Bd6 Qxf7 21.
Qxa8+ Ne8 22. Rf1 Bg6 23. Bc5 Qf5 24. Qxc6 Nf6 25. Qa8+ Kh7 26. Bd4 g4 27. Bxf6
Bxf6 28. Rh1+ Kg7 29. Qxa7+ Bf7 30. O-O-O Qxf2 31. Rh7+ Kxh7 32. Qxf7+ Kh6 33.
Rh1+ 1-0

[Event "World Rapid 2025"]
[Site "Doha QAT"]
[Date "2025.12.26"]
[Round "2.59"]
[White "Maghsoodloo, Parham"]
[Black "Suleymenov, Alisher"]
[Result "1/2-1/2"]
[WhiteTitle "GM"]
[BlackTitle "GM"]
[WhiteElo "2708"]
[BlackElo "2505"]
[WhiteFideId "12539929"]
[BlackFideId "13707833"]
[EventDate "2025.12.26"]
[EventType "rapid"]

1. c4 e6 2. Nc3 d5 3. d4 a6 4. cxd5 exd5 5. Nf3 c6 6. Qc2 Bd6 7. Bg5 Ne7 8. e3
f6 9. Bh4 Bf5 10. Qb3 Nd7 11. Bg3 Bxg3 12. hxg3 Qb6 13. Nd2 Qxb3 14. Nxb3 Nc8
15. f3 Nd6 16. Kf2 O-O 17. g4 Bg6 18. Nc5 Nxc5 19. dxc5 Nb5 20. Bxb5 axb5 21. a3
f5 22. gxf5 Bxf5 23. Rh4 g5 24. Rb4 Rf7 25. Rh1 Kg7 26. Ne2 Re8 27. a4 bxa4 28.
Rxa4 Bg6 29. Rha1 h5 30. Rb4 h4 31. Ra7 Ree7 32. Ra8 Bd3 33. Ng1 Re4 34. Raa4 g4
35. Rd4 Bc2 36. Rab4 h3 37. gxh3 gxf3 38. h4 Kh6 39. Nh3 Rfe7 40. Rxe4 dxe4 41.
Rd4 Kh5 42. Nf4+ Kg4 43. Rd8 Bb3 44. Rd6 Re5 45. Rg6+ Kxh4 46. Rxc6 bxc6 47.
Ng6+ Kg5 48. Nxe5 Bd5 49. b4 Kf6 50. Nd7+ Ke7 51. Nb6 Be6 52. Na4 Bc4 53. Nc3
Bd3 54. Kg3 Kd7 55. Kf2 1/2-1/2

[Event "World Rapid 2025"]
[Site "Doha QAT"]
[Date "2025.12.26"]
[Round "2.60"]
[White "Vetokhin, Savva"]
[Black "Le, Quang Liem"]
[Result "0-1"]
[WhiteTitle "GM"]
[BlackTitle "GM"]
[WhiteElo "2572"]
[BlackElo "2731"]
[WhiteFideId "44144474"]
[BlackFideId "12401137"]
[EventDate "2025.12.26"]
[EventType "rapid"]

1. d4 d5 2. c4 e6 3. Nc3 Be7 4. cxd5 exd5 5. Bf4 c6 6. e3 Bf5 7. Nge2 Nd7 8. h4
Nf8 9. h5 h6 10. Ng3 Bh7 11. Bd3 Bxd3 12. Qxd3 Ne6 13. Be5 Nf6 14. Nf5 O-O 15.
O-O-O b5 16. f3 Nd7 17. g4 b4 18. Ne2 c5 19. Nf4 c4 20. Qc2 Nxf4 21. exf4 Bf6
22. Kb1 Re8 23. Bxf6 Qxf6 24. g5 b3 25. axb3 cxb3 26. Qd3 Qc6 27. Qxb3 Rab8 28.
Qa3 Nb6 29. Ne7+ Rxe7 30. Qxe7 Nc4 31. Rh2 Qb6 32. Re1 Nxb2 33. Qe8+ Rxe8 34.
Rxe8+ Kh7 35. Rxb2 Qxd4 36. Rbb8 Qg1+ 37. Ka2 Qf2+ 38. Kb1 Qf1+ 39. Kb2 Qg2+ 40.
Kb1 Qh1+ 41. Kb2 Qh2+ 42. Kb3 Qxh5 43. Rh8+ Kg6 44. gxh6 Qxf3+ 45. Kb2 Qe2+ 46.
Kb1 Qf1+ 47. Kb2 Qg2+ 48. Kc3 Qg3+ 49. Kc2 Qh2+ 50. Kd3 gxh6 51. Rbg8+ Kf6 52.
Rd8 Qg3+ 53. Kd4 Qxf4+ 54. Kxd5 a5 55. Ra8 h5 56. Ra6+ Kg7 57. Raa8 h4 58. Rhg8+
Kf6 59. Ra6+ Kf5 60. Kc6 Qc4+ 61. Kb7 Qb5+ 62. Rb6 Qd5+ 63. Ka6 Qd3+ 64. Rb5+
Kf4 65. Kxa5 h3 66. Rb4+ Kf3 67. Rh8 Qd5+ 68. Ka4 Qa2+ 69. Kb5 Qe6 70. Ka4 Qa6+
71. Kb3 Kg3 72. Rbh4 Qe6+ 73. Ka4 Qc6+ 74. Kb3 Qd5+ 75. Kb4 Qd6+ 76. Kc4 Qe6+
77. Kd3 Qf5+ 78. Kd2 Qg5+ 0-1

[Event "World Rapid 2025"]
[Site "Doha QAT"]
[Date "2025.12.26"]
[Round "2.61"]
[White "Lobanov, Sergei"]
[Black "Ponomariov, Ruslan"]
[Result "1/2-1/2"]
[WhiteTitle "GM"]
[BlackTitle "GM"]
[WhiteElo "2527"]
[BlackElo "2639"]
[WhiteFideId "24183750"]
[BlackFideId "14103320"]
[EventDate "2025.12.26"]
[EventType "rapid"]

1. d4 Nf6 2. c4 e6 3. Nc3 Bb4 4. e3 O-O 5. Bd3 d5 6. a3 Bxc3+ 7. bxc3 c6 8. Ne2
Re8 9. cxd5 cxd5 10. c4 Nc6 11. O-O e5 12. cxd5 Qxd5 13. Nc3 Qa5 14. Ne4 Nxe4
15. Bxe4 exd4 16. Bxc6 1/2-1/2

[Event "World Rapid 2025"]
[Site "Doha QAT"]
[Date "2025.12.26"]
[Round "2.62"]
[White "Martirosyan, Haik M."]
[Black "Madaminov, Mukhiddin"]
[Result "1/2-1/2"]
[WhiteTitle "GM"]
[BlackTitle "GM"]
[WhiteElo "2625"]
[BlackElo "2552"]
[WhiteFideId "13306553"]
[BlackFideId "14210703"]
[EventDate "2025.12.26"]
[EventType "rapid"]

1. d4 d5 2. c4 e6 3. Nf3 Nf6 4. Nc3 Bb4 5. Bg5 h6 6. Bxf6 Qxf6 7. e3 O-O 8. Be2
dxc4 9. Bxc4 c5 10. O-O cxd4 11. Ne4 Qe7 12. a3 Ba5 13. Qxd4 Rd8 14. Qc5 Qxc5
15. Nxc5 Nd7 16. Nb3 Bc7 17. Rac1 Ne5 18. Be2 Bd6 19. Rfd1 Nxf3+ 20. Bxf3 Rb8
21. Na5 Be7 22. b4 Kf8 23. g3 Rxd1+ 24. Rxd1 Ke8 25. Kg2 Bd8 26. Nb3 Ke7 27. h4
Bb6 28. a4 Bd7 29. b5 Be8 30. Rc1 g5 31. hxg5 hxg5 32. g4 Kd6 33. Nd2 Ke7 34.
Ne4 f6 35. Rh1 Bg6 36. Rh6 Bxe4 37. Bxe4 Rc8 38. Rh7+ Kd6 39. Rf7 Rc7 40. Rf8
Rc4 41. Kf3 Ke7 42. Rb8 f5 43. Rxb7+ Kf6 44. Bc6 fxg4+ 45. Kg3 Rxa4 46. Be8 Rc4
47. Rf7+ Ke5 48. Rg7 Bc7 49. Kg2 Kf6 50. Rg6+ Kf5 51. Rh6 g3 52. Bg6+ Ke5 53.
Bf7 gxf2 54. Kxf2 Rh4 55. Rxe6+ Kf5 56. Rc6 Bb6 57. Bg6+ Ke5 58. Rc8 Rh2+ 59.
Kg3 Rb2 60. Re8+ Kf6 61. Bd3 Rb3 62. Bc4 Rc3 63. Bd5 Bxe3 64. Kg4 Rd3 65. Re6+
Kg7 66. Bc6 Kf7 67. Kf5 Bf4 68. Be8+ Kf8 69. Bc6 Rd6 1/2-1/2

[Event "World Rapid 2025"]
[Site "Doha QAT"]
[Date "2025.12.26"]
[Round "2.63"]
[White "Gan-Erdene, Sugar"]
[Black "Harikrishna, Pentala"]
[Result "0-1"]
[WhiteTitle "IM"]
[BlackTitle "GM"]
[WhiteElo "2444"]
[BlackElo "2693"]
[WhiteFideId "4902980"]
[BlackFideId "5007003"]
[EventDate "2025.12.26"]
[EventType "rapid"]

1. e4 e5 2. Nf3 Nc6 3. Nc3 Nf6 4. a3 Be7 5. d4 d6 6. h3 O-O 7. Be2 exd4 8. Nxd4
Bd7 9. O-O Re8 10. Re1 Nxd4 11. Qxd4 Bc6 12. Bf4 Nd7 13. Nd5 Nc5 14. Bh2 Bxd5
15. Qxd5 c6 16. Qf5 Qc8 17. Qf3 Qe6 18. b4 Nxe4 19. Bd3 Ng5 20. Qh5 Qh6 21. Qg4
Ne6 22. Bf5 Bf8 23. Rad1 Nc7 24. Bd3 Qf6 25. Bg3 Rxe1+ 26. Rxe1 Re8 27. Rxe8
Nxe8 28. Bxh7+ Kxh7 29. Qe4+ g6 30. Qxe8 Qe7 31. Qxe7 Bxe7 32. Kf1 d5 33. Ke2 b5
34. Kd3 Bf6 35. c3 a6 36. f3 Kg8 37. Bf2 Kf8 38. g4 Ke7 39. f4 Ke6 40. Bd4 Bd8
41. Ke3 a5 42. Kf3 a4 43. Kg3 g5 44. f5+ Ke7 45. Kf3 Bc7 46. Be3 f6 47. Ke2 Be5
48. Kd3 Kf7 49. Bf2 Bf4 50. Kc2 Ke7 51. Bc5+ Kd7 52. Bd4 Be5 53. Kd3 Ke8 54. Kc2
Kf7 55. Kd3 Bd6 56. Kc2 Be7 57. Kd3 Ke8 58. Bf2 Kd7 59. h4 gxh4 60. Bxh4 Ke8 61.
Kd4 Kf7 62. Bg3 Bf8 63. Bf4 Be7 64. Bg3 Ke8 65. Bf4 Kd7 66. Bg3 Bf8 67. Bh4 Be7
68. Bg3 Bd8 69. Bh4 Bb6+ 70. Kd3 Ke7 71. Ke2 d4 72. Kd3 dxc3 73. Kxc3 Be3 74.
Kc2 Bd4 75. Bg3 Kd7 76. Bf4 c5 77. bxc5 Bxc5 78. Bc1 Kc6 79. Kd3 Kd5 80. Bb2 Be7
81. Bc3 Bd8 82. Bb2 Kc5 83. Bd4+ Kc6 84. Bb2 Be7 85. Ke4 Kc5 86. Kd3 b4 87.
axb4+ Kxb4 88. Kc2 Kc4 89. Ba1 Kd5 90. Kb2 Bd6 91. g5 fxg5 0-1

[Event "World Rapid 2025"]
[Site "Doha QAT"]
[Date "2025.12.26"]
[Round "2.64"]
[White "Chasin, Nico"]
[Black "Lu, Shanglei"]
[Result "0-1"]
[WhiteTitle "IM"]
[BlackTitle "GM"]
[WhiteElo "2517"]
[BlackElo "2643"]
[WhiteFideId "30908477"]
[BlackFideId "8603332"]
[EventDate "2025.12.26"]
[EventType "rapid"]

1. d4 Nf6 2. c4 e6 3. Nf3 d5 4. Nc3 dxc4 5. e4 Bb4 6. Bg5 h6 7. Bxf6 Qxf6 8.
Bxc4 c5 9. O-O cxd4 10. e5 Qd8 11. Ne4 O-O 12. Nxd4 Qc7 13. Qb3 Qxe5 14. Qxb4
Qxd4 15. Nd6 Nc6 16. Qa3 Rd8 17. Rad1 Qf4 18. g3 Qg4 19. f4 Rb8 20. Qe3 b6 21.
Qe4 Bd7 22. Bb5 Qh5 23. f5 exf5 24. Qf4 Ne7 25. Bc4 Be6 26. Rfe1 Ng6 27. Qd4 Nf8
28. Be2 Qg6 29. Qf4 Qf6 30. b3 Ng6 31. Qa4 f4 32. Qe4 fxg3 33. hxg3 Qc3 34. Bf3
Rd7 35. Kh2 Rbd8 36. Nb5 Rd2+ 37. Rxd2 Rxd2+ 38. Bg2 Qb2 39. Nc7 Bf5 40. Qa8+
Kh7 41. Rf1 0-1

[Event "World Rapid 2025"]
[Site "Doha QAT"]
[Date "2025.12.26"]
[Round "2.65"]
[White "Pranav, Anand"]
[Black "Moussard, Jules"]
[Result "1/2-1/2"]
[WhiteTitle "GM"]
[BlackTitle "GM"]
[WhiteElo "2591"]
[BlackElo "2600"]
[WhiteFideId "46626786"]
[BlackFideId "642908"]
[EventDate "2025.12.26"]
[EventType "rapid"]

1. e4 d6 2. d4 Nf6 3. Nc3 e5 4. Nf3 Nbd7 5. Bc4 Be7 6. O-O O-O 7. a4 c6 8. Re1
h6 9. h3 Re8 10. Be3 exd4 11. Bxd4 Nf8 12. a5 Be6 13. Qd3 Qc7 14. Nd2 b5 15.
axb6 axb6 16. Bb3 b5 17. Rxa8 Rxa8 18. Qg3 Bxb3 19. Nxb3 Ne6 20. e5 Nxd4 21.
Nxd4 dxe5 22. Nf5 g6 23. Nxh6+ Kf8 24. Qf3 Kg7 25. Ng4 Nxg4 26. hxg4 Rd8 27. Ne4
Qd7 28. Qc3 Qd5 29. Qg3 Qd4 30. c3 Qd5 31. Qe3 Qd3 32. Qb6 Qd7 33. g5 Rh8 34.
Qe3 Qf5 35. f3 Rd8 36. Ra1 Rd7 37. Kh2 c5 38. g4 Qf4+ 39. Qxf4 exf4 40. Kg2 Rd5
41. Ra5 c4 42. Kf2 Bxg5 43. Nxg5 Rxg5 44. Ra6 Re5 45. Ra7 Kf6 46. Rb7 Ke6 47.
Rb6+ Ke7 48. Rb7+ Kf8 49. Rc7 Rd5 50. Ke2 Kg7 51. Ra7 g5 52. Rb7 Kg6 53. Rb6+ f6
54. Rb7 Re5+ 55. Kf2 Rd5 56. Ke2 Rc5 57. Kf1 Re5 58. Kf2 Rd5 59. Ke2 f5 60. Rb6+
Kf7 61. gxf5 Rxf5 62. Rc6 Re5+ 63. Kf2 Ke7 64. Rb6 Kd7 65. Rg6 Kc7 66. Rf6 Rd5
67. Ke2 Re5+ 68. Kf2 Rd5 69. Ke2 Rd6 70. Rf5 Kb6 71. Rxg5 Ka5 72. Rf5 Ka4 73.
Rxf4 Kb3 74. Rf5 Rb6 75. Kd2 Kxb2 76. Rc5 Rd6+ 77. Ke3 Rd3+ 78. Ke4 Rxc3 79.
Rxb5+ Rb3 80. Rc5 c3 81. f4 c2 82. Rxc2+ Kxc2 83. f5 Rb4+ 84. Ke5 Kd3 85. f6
Rb5+ 86. Ke6 Ke4 87. f7 Rb6+ 88. Ke7 Rb7+ 89. Ke8 Rxf7 90. Kxf7 1/2-1/2

[Event "World Rapid 2025"]
[Site "Doha QAT"]
[Date "2025.12.26"]
[Round "2.66"]
[White "Ibrahimli, Murad"]
[Black "Chigaev, Maksim"]
[Result "0-1"]
[WhiteTitle "IM"]
[BlackTitle "GM"]
[WhiteElo "2438"]
[BlackElo "2626"]
[WhiteFideId "13410229"]
[BlackFideId "4108116"]
[EventDate "2025.12.26"]
[EventType "rapid"]

1. Nf3 Nf6 2. c4 g6 3. g3 Bg7 4. Bg2 O-O 5. O-O c5 6. d4 d6 7. Nc3 Nc6 8. dxc5
dxc5 9. Bf4 Bf5 10. Ne5 Nd4 11. e3 Ne6 12. Qxd8 Raxd8 13. h4 Nxf4 14. gxf4 Rd2
15. Bxb7 Rxb2 16. Bc6 Ng4 17. Nxg4 Bxg4 18. Na4 Rd2 19. Rab1 Rc8 20. Bb7 Rc7 21.
Be4 Bf6 22. Rb5 Rxa2 23. Nxc5 Bxh4 24. Bb1 Ra3 25. Rc1 Kg7 26. Rb3 Ra1 27. Ne4
Be6 28. Nd2 a5 29. Rb6 a4 30. Rc2 Bf6 31. Ra2 Rd7 32. Rxa1 Bxa1 33. Ne4 Bxc4 34.
Kh2 a3 35. Rb4 a2 0-1